The private journals of Stendhal [as printed] 1811-1817 /

Bibliographic Details
Main Author: Stendhal, 1783-1842
Other Authors: Carmody, Francis
Format: Book
Language:English
Undetermined
Published: Kentfield, Calif. : L.-D. Allen Press, 1954.
Subjects:

MARC

Tag First Indicator Second Indicator Subfields
LEADER 00000cam a2200000 i 4500
001 in00001121613
005 20150930080910.0
008 750903s1954 caua 000 0aeng
010 |a  75314030  
035 |a (OCoLC)01694292 
035 |9 AFW9416AM 
040 |a DLC  |c DLC  |d m.c.  |d TXA  |d UtOrBLW 
041 1 |a eng  |a und 
049 |a TXAM 
050 0 0 |a PQ2436.A2  |b J63 1954b 
082 0 0 |a 848/.7/09  |a B 
100 1 |a Stendhal,  |d 1783-1842. 
240 1 0 |a Journal.  |k Selections.  |l English 
245 1 4 |a The private journals of Stendhal [as printed] 1811-1817 /  |c edited, selected & newly translated by Francis Carmody. 
264 1 |a Kentfield, Calif. :  |b L.-D. Allen Press,  |c 1954. 
300 |a 146 pages :  |b illustrations ;  |c 27 cm. 
336 |a text  |b txt  |2 rdacontent 
337 |a unmediated  |b n  |2 rdamedia 
338 |a volume  |b nc  |2 rdacarrier 
500 |a "Edition limited to 175 copies."--P. [5] 
600 1 0 |a Stendhal,  |d 1783-1842  |x Diaries. 
650 0 |a Novelists, French  |y 19th century  |x Diaries. 
700 1 |a Carmody, Francis. 
999 |a MARS 
999 f f |s 59b721a6-6444-390f-929d-87edffa49700  |i cf337e12-336e-3765-a37b-77277d679d09  |t 0 
952 f f |p normal  |a Texas A&M University  |b College Station  |c Sterling C. Evans Library  |d Evans: Library Stacks  |t 0  |e PQ2436.A2 J63 1954b  |h Library of Congress classification  |i unmediated -- volume  |m A14817573655 
998 f f |a PQ2436.A2 J63 1954b  |t 0  |l Evans: Library Stacks